000 00662cam a22002173a 4500
001 33640
003 PGUSA
005 20140828083728.0
008 100905s2010||||xxu|||||s|||||000 | eng d
040 _aPGUSA
_beng
042 _adc
100 1 _aTellegen, Bernardus Dominicus Hubertus
245 1 0 _aDe Wedergeboorte van Nederland
_h[electronic resource] /
_cBernardus Dominicus Hubertus Tellegen
260 _bProject Gutenberg,
_c2010
506 _aPublic domain in the USA.
516 _aElectronic text
700 1 _aColenbrander, Herman Theodoor
830 0 _aProject Gutenberg
_v33640
856 4 0 _uhttp://www.gutenberg.org/ebooks/33640
942 _cEB
999 _c262895
_d262895